| 000 | 01784cam a22004577a 4500 | ||
|---|---|---|---|
| 001 | 000092203 | ||
| 003 | CHAP | ||
| 005 | 20220329142840.0 | ||
| 008 | 040821d2004 mx r 00110 spa d | ||
| 010 | _a88670 | ||
| 011 | _a89642 | ||
| 035 | _a100193 | ||
| 040 | _cCHAP | ||
| 090 | _aTesis | ||
| 100 | 0 | 0 |
_aGuzmán Moreno, Marco Antonio. _951988 |
| 245 | 1 | 0 |
_aResistencia genética a Fusarium oxysporum f. sp radicis-lycopersici en colectas de jitomate criollo riñón (Lycopersicon esculentum Mill.) de Puebla, Hidalgo y Tabasco, México / _c/por Marco Antonio Guzmán Moreno. |
| 260 |
_aChapingo, Méx. : _bEl autor, _c2004. |
||
| 300 |
_a46 h. : _bgrafs. |
||
| 502 | _aTesis ( Ing. Agr. Esp. en Parasitología Agrícola) -- UACH. Departamento de Parasitología Agrícola | ||
| 590 |
_aALEPH _b10 _c20130110 _lUCH01 _h1500 |
||
| 590 |
_aBATCH-UPD _b10 _c20130110 _lUCH01 _h0728 |
||
| 590 |
_aBATCH-UPD _b10 _c20130410 _lUCH01 _h0411 |
||
| 590 |
_aBATCH-UPD _b10 _c20130914 _lUCH01 _h1130 |
||
| 590 |
_aBATCH-UPD _b10 _c20140324 _lUCH01 _h1446 |
||
| 590 |
_aBATCH-UPD _b10 _c20141002 _lUCH01 _h0823 |
||
| 590 |
_aCONVERSION _b10 _c20130109 _lUCH01 _h1349 |
||
| 590 |
_aE12093SGE _b10 _c20130625 _lUCH01 _h0832 |
||
| 650 | 1 | 4 |
_aCultivos en invernadero. _930376 |
| 650 | 1 | 4 |
_aFusarium oxysporum. _944093 |
| 650 | 1 | 4 |
_aPudrición de la raíz _xTomate. _992857 |
| 650 | 1 | 4 |
_aSiembra en maceta. _9105841 |
| 650 | 1 | 4 |
_aTomate _xEnfermedades por hongos. _9113713 |
| 650 | 1 | 4 |
_aTomate _xGenética. _9113726 |
| 856 |
_3Finding aid _uhttp://10.13.5.2/tesis/100193.pdf _zTeclea aquí |
||
| 901 | _aBK | ||
| 905 | _aElisama A.H. | ||
| 942 | _cCD | ||
| 942 | _n0 | ||
| 949 |
_aTesis _bBC _cTES _d100193 _eTS1 _h42157 _i100193 _sb |
||
| 949 |
_aTesis _bBC _cTES _d33724000923132 _eTS2 _fc.2 _h42158 _i100193 _si |
||
| 999 |
_c88670 _d88670 |
||